Mar de fondo / (Registro nro. 10912)

Detalles MARC
000 -LIDER
fixed length control field 00986nam a22003137a 4500
001 - NÚMERO DE CONTROL
Identificador de número de control 000393
003 - IDENTIFICACDOR DE NÚMERO DE CONTROL
control field DO-SdBNP
005 - DATE AND TIME OF LATEST TRANSACTION
control field 20250822113856.0
007 - CAMPOS FIJOS DE DESCRIPCIÓN FÍSICA
fixed length control field 000393
008 - ELEMENTOS DE LONGITUD FIJA
fixed length control field 160718b 2006 spa 2006 ||||| |||| 00| 0 spa d
020 ## - ISBN
International Standard Book Number 8466319999
040 ## - FUENTE DE CATALOGACIÓN
Agencia que crea de manera original el registro BPMSU
Idioma de catalogación spa
Agencia que realiza la transcripción BPMSU
082 #4 - NÚMERO DE CLASIFICACIÓN DECIMAL DE DEWEY
Classification number 813.54
Item number D638m
Edition number 22
100 1# - ASIENTO PRINCIPAL -- NOMBRE PERSONAL
Nombre personal Highsmith, Patricia,
Fechas asociadas con el nombre 1921-1995.
240 10 - TITULO UNIFORME
Título uniforme Deep water.
Idioma de una obra Español
245 10 - MENCIÓN DE TITULO
Título Mar de fondo /
Mención de responsabilidad Patricia Highsmith ; traducción de Marta Sánchez Martín.
260 ## - PUBLICACIÓN, DISTRIBUCIÓN, ETC. (PIE DE IMPRENTA)
Lugar de publicación, distribución, etc Madrid :
Nombre del editor, distribuidor, etc. Punto de lectura,
Fecha de publicación, distribución, etc 2006.
300 ## - DESCRIPCIÓN FÍSICA
Extensión 396 p. ;
Dimensiones 19 cm.
490 1# - MENCIÓN DE SERIES
Mención de serie Zona negra
Volume/sequential designation 3
500 ## - NOTA GENERAL
Nota general Incluye datos biográficos del autor p.: 397
650 #4 - ENCABEZAMIENTO DE MATERIA--TEMÁTICO
Término temático o nombre geográfico como elemento de entrada Novela estadounidense
650 #4 - ENCABEZAMIENTO DE MATERIA--TEMÁTICO
Término temático o nombre geográfico como elemento de entrada Literatura estadounidense
700 12 - ASIENTO SECUNDARIO -- NOMBRE PERSONAL
Nombre personal Sánchez Martín, Marta,
Mención de responsabilidad tr.
830 #0 - ASIENTO SECUNDARIO DE SERIE--TÍTULO UNIFORME
Título uniforme Zona negra ;
Número de la parte o sección de una obra 3
910 ## - VALIDACIÓN
Validación Validado. Control de calidad MFF
942 ## - ADDED ENTRY ELEMENTS (KOHA)
Source of classification or shelving scheme Dewey Decimal Classification
Koha item type Libros
945 ## - INFORMACIÓN DE PROCESAMIENTO LOCAL
Información de procesamiento local Inventariado, 2017/MFF
956 ## - LOCAL ELECTRONIC LOCATION AND ACCESS (OCLC)
Método de acceso LOPEREZ
Materiales especificados 10
Enlace 20160718
Campo enlazado y núm. de secuencia BPMSU
Nombre de host 00041
Existencias
Withdrawn status Lost status Source of classification or shelving scheme Damaged status Not for loan Collection code Home library Current library Date acquired Source of acquisition Total Checkouts Full call number Barcode Date last seen Price effective from Koha item type
    Dewey Decimal Classification     Colección General Biblioteca Pública Metropolitana Salomé Ureña Biblioteca Pública Metropolitana Salomé Ureña 07/18/2016 Alfaguara   813.54 H638m BPMSU16070508 07/18/2016 07/18/2016 Libros